Представление документа в формате RUSMARC

ПолеНазваниеЗначение
  Тип записи a
  Библиографический уровень m
001 Контрольный номер RU/SLIB/B/208772807
005 Дата корректировки 20250310161742.8
010 Индекс ISBN __
d Цена 1-02
101 Язык документа 0_
a Язык текста rus
200 Заглавие и сведения об ответственности 1_
a Заглавие Сказание о старом Урале
f Первые сведения об ответственности П. А. Северный
b Общее обозначение материала Текст
h Номер части Кн. 3
i Наименование части Камешек Ерофея Маркова
210 Выходные данные 1_
a Место издания М.
c Издательство Моск. рабочий
d Дата издания 1974
215 Физическое описание __
a Объем 496 с.
606 Тематические рубрики __
a Основная рубрика Художественная литература
y Географическая подрубрика Урал ; Россия
606 Тематические рубрики __
a Основная рубрика Русская литература XX в. (произведения)
610 Ключевые слова 0_
a Ключевые слова исторические романы; романы
686 Индексы других классификаций __
a Классификационный индекс 84(2Рос=Рус)6-4
700 Автор _1
a Фамилия Северный
b Имя П. А.
4 Код отношения 070
801 Источник записи _0
a Страна RU
b Организация Муниципальное бюджетное учреждение культуры "Централизованная библиотечная система" г. Сургут (Центральная городская библиотека им. А. С. Пушкина)
g Правила каталогизации КиК/Елгина
801 Источник записи _1
a Страна RU
b Организация Муниципальное бюджетное учреждение культуры "Централизованная библиотечная система" г. Сургут (Центральная городская библиотека им. А. С. Пушкина)
g Правила каталогизации КиК/Елгина
852 Данные о местонахождении __
j Шифр хранения 84(2Рос=Рус)6-4
i Авторский знак С 28
p Инвентарный номер 48063(с)
901 Тип документа __
t Тип документа m
990 Данные о заказе (DOS) __
j Количество экземпляров (DOS) 1
t N записи в КСУ для И/У (DOS) 199101